000 00562nam a2200169 a 4500
001 000029849
005 20200930055844.0
008 110426s1999 dr 000 0 spa d
040 _aDO-SdBNP
_bspa
_cBNPHU
110 1 _aRepública Dominicana
_9447
240 1 0 _a[Leyes, etc.]
245 1 4 _aLey 633 y decreto 2032 sobre contadores públicos.
260 _aSanto Domingo :
_b(ICPARD) ,
_c1999.
300 _a[s. p.] : ;
_c21 cm.
710 1 _aInstituto de Contadores Públicos Autorizados de la República Dominicana
_97118
710 1 _aRepública Dominicana
_9447
999 _c29341
_d29341